| 000 | 00922cam a22003017a 4500 | ||
|---|---|---|---|
| 003 | CHAP | ||
| 005 | 20220329142420.0 | ||
| 008 | 010117d1999 uk a r 00110 eng d | ||
| 010 | _a83142 | ||
| 011 | _a84114 | ||
| 020 | _a0632047917 | ||
| 035 | _a94633 | ||
| 040 | _cCHAP | ||
| 082 | 0 | 4 |
_a679 _bD3 |
| 100 | 0 | 0 |
_aDavis, Daniel Layten _eed. _931255 |
| 245 | 1 | 0 |
_aTobacco : _bproduction, chemistry and technology _c/ed, by Daniel Layten and Mark T. Nielsen |
| 260 |
_aOxford, U,K. : _bCORESTA, _c1999. |
||
| 300 |
_a467 p. : _bilus. |
||
| 590 |
_aBATCH-UPD _b10 _c20130110 _lUCH01 _h0559 |
||
| 590 |
_aCONVERSION _b10 _c20130109 _lUCH01 _h1346 |
||
| 650 | 1 | 4 |
_aTabaco. _9111196 |
| 650 | 1 | 4 |
_aTabaco _xIndustria. _9111223 |
| 700 | 0 |
_aNielsen, Mark T. _981236 |
|
| 901 | _aBK | ||
| 905 | _aMayto Villalobos S. | ||
| 942 | _cLIBRO | ||
| 949 |
_a679 D3 _bBC _cLIBRO _d33724000800371 _eLIBRO _gI. 208837 _h98230 _i94633 _si _t1.583.52 |
||
| 999 |
_c83142 _d83142 |
||